000
00301nam a2200121Ia 4500
008
231221s9999 xx 000 0 und d
041
_a
English
082
_a
001.6424LIN NEG 'R'
100
_a
Negus, Christopher
245
0
_a
Red hat linux bible
260
_c
2000
_b
IDG, India
942
_c
CD
999
_c
202218
_d
202218